Jerat syaitan / (Record no. 1184)

000 -LEADER
fixed length control field nam a22 a 4500
003 - CONTROL NUMBER IDENTIFIER
control field AKMAL
005 - DATE AND TIME OF LATEST TRANSACTION
control field 20170508150404.0
008 - FIXED-LENGTH DATA ELEMENTS--GENERAL INFORMATION
fixed length control field 170508s2000 my 00 may d
020 ## - INTERNATIONAL STANDARD BOOK NUMBER
International Standard Book Number 9839395181 (kkt.):
Terms of availability RM22.00
040 ## - CATALOGING SOURCE
Original cataloging agency AKMAL
082 04 - DEWEY DECIMAL CLASSIFICATION NUMBER
Classification number 297.216 JER
Edition number 21
090 00 - LOCALLY ASSIGNED LC-TYPE CALL NUMBER (OCLC); LOCAL CALL NUMBER (RLIN)
Classification number (OCLC) (R) ; Classification number, CALL (RLIN) (NR) 297.216
Local cutter number (OCLC) ; Book number/undivided call number, CALL (RLIN) JER
100 1# - MAIN ENTRY--PERSONAL NAME
Personal name Ibn al-Jawzi, Abu al-Faraj Abd al-Rahman ibn Ali,
Dates associated with a name 1116 (ca.)-1201
9 (RLIN) 2393
245 10 - TITLE STATEMENT
Title Jerat syaitan /
Statement of responsibility, etc. Ibnul Jauzy ; penterjemah Kathur Suhardi /
-- ; susunan edisi bahasa Malaysia: Sidang Pengarang
250 ## - EDITION STATEMENT
Edition statement Ed. bahasa Malaysia
260 ## - PUBLICATION, DISTRIBUTION, ETC.
Place of publication, distribution, etc. Kuala Lumpur :
Name of publisher, distributor, etc. Pustaka Jiwa,
Date of publication, distribution, etc. 2000
300 00 - PHYSICAL DESCRIPTION
Extent 597ms. ;
Dimensions 21cm
500 ## - GENERAL NOTE
General note Mengandungi ayat-ayat dari Quran
504 ## - BIBLIOGRAPHY, ETC. NOTE
Bibliography, etc. note Mengandungi rujukan bibliografi
650 #0 - SUBJECT ADDED ENTRY--TOPICAL TERM
Topical term or geographic name entry element Devil
General subdivision Islam
9 (RLIN) 1962
650 #0 - SUBJECT ADDED ENTRY--TOPICAL TERM
Topical term or geographic name entry element Religious life
General subdivision Islam
9 (RLIN) 819
700 1# - ADDED ENTRY--PERSONAL NAME
Personal name Suhardi, Kathur
9 (RLIN) 2394
710 2# - ADDED ENTRY--CORPORATE NAME
Corporate name or jurisdiction name as entry element Sidang Pengarang
9 (RLIN) 2395
942 ## - ADDED ENTRY ELEMENTS (KOHA)
Source of classification or shelving scheme
Koha item type Book
Holdings
Withdrawn status Lost status Source of classification or shelving scheme Damaged status Not for loan Collection code Home library Current library Shelving location Date acquired Inventory number Total Checkouts Full call number Barcode Date last seen Price effective from Koha item type
          NON-FICTION AKMAL Melaka AKMAL Melaka PINJAMAN 08.05.2017 200674   297.216 JER 201702282 08.05.2017 08.05.2017 Book
Pusat Sumber Maklumat Dato' Haji Sarmin Md Hussin, Akademi Kastam Diraja Malaysia, Melaka
Tel: 06-2331106 | Faks: 06-2313787